000 00691nam a2200241Ia 4500
001 dia_4494
003 CHAP
005 20251021141546.0
008 220117s xx 000 0 und d
010 _a175155
040 _cCHAP
090 _a591.1 H5
100 _aHill Richard W.
_955442
245 _aAnimal Physiology /
_c By Richard W. Hill, Gordon A Wyse, Margaret Anderson
260 _aPrinted
_c
300 _aP.C Include Bibliographical References And Index
500 _aI.247937
650 _a1.
_xFisiologĂ­a Animal
_9156043
901 _a591.1 H5
902 _aM
905 _a000000 2008 a 0000000000eng00
942 _cLIBRO
_2ddc
999 _c175155
_d175155